Lebensmittel mit "W" - Statistiken

Allgemein
  • Dieses Quiz wurde 245 mal gespielt
  • Das Durchschnittsergebnis liegt bei 14 aus 43
Antwortstatistiken
Lebensmittel % Korrekt
Wein
93%
Wasser
85%
Wurst
81%
Würstchen / Wiener
57%
Wirsing
56%
Wild
54%
Weißwein
53%
Wassermelone
52%
Weintraube
48%
Waldbeere
41%
Weißkohl
40%
Wacholder
39%
Wachtelei
38%
Walnuss
37%
Wackelpudding
36%
Waffel
36%
Wasabi
36%
Weißwurst
36%
Waldmeister
35%
Whiskey
35%
Wodka
34%
Weiße Schokolade
33%
Wassereis
31%
Weizen
30%
Windbeutel
28%
Wurstsalat
28%
Weingummi
26%
Weißbrot
26%
Walderdbeere
23%
Weichkäse
23%
Wels
22%
Wermut
19%
Wiener Schnitzel
19%
Weißweinessig
16%
Weizenmehl
16%
Weinbergschnecke
15%
Weinbrand
13%
Weißbier
13%
Worcestersauce
10%
Würfelzucker
10%
Wrap
9%
Wildlachs
7%
Weihnachtsgans
6%
Keine übereinstimmenden Quizze gefunden
Verteilung der Resultate
Anzahl Personen mit jedem Resultat
Perzentil nach korrekt beantworteten Fragen
Ihre Resultats-Entwicklung
Sie haben dieses Quiz noch nicht gespielt